| 000 | 01148cam a2200325 a 4500 | ||
|---|---|---|---|
| 999 |
_c23031 _d23031 |
||
| 001 | 15797640 | ||
| 003 | BDDh-ASL | ||
| 005 | 20231015030204.0 | ||
| 008 | 090630s2008 bg ab b 001 0 eng | ||
| 010 | _a 2009346055 | ||
| 020 | _a9843000025274 | ||
| 025 | _aB-E-2009-346055; 21 | ||
| 037 |
_bLibrary of Congress -- New Delhi Overseas Office _cTK1000.00 ($200.00 U.S.) |
||
| 040 |
_aDLC _cDLC _dDLC _dBDDh-ASL |
||
| 042 | _alcode | ||
| 043 | _aa-ii--- | ||
| 050 | 0 | 0 |
_aDS485.B47 _bH37 2008 |
| 082 |
_a930.1549 _bRAE |
||
| 100 | 1 |
_aHarunur Rashid, M., _d1925-2010. |
|
| 245 | 1 | 4 |
_aThe early history of South-East Bengal in the light of archaeological material / _cM. Harunur Rashid. |
| 260 |
_aDhaka : _bItihash Academy, _c2008. |
||
| 300 |
_axiii, 266 p. : _bill., maps ; _c24 cm. |
||
| 504 | _aIncludes bibliographical references and index. | ||
| 651 | 0 |
_aBengal (India) _xHistory. |
|
| 651 | 0 |
_aBengal (India) _xAntiquities. |
|
| 710 | 2 | _aItihas Academy (Dhaka, Bangladesh) | |
| 906 |
_a7 _bcbc _corigode _d3 _encip _f20 _gy-gencatlg |
||
| 942 |
_2ddc _cBK |
||